00873nam a2200229 a 450000100060000000300080000600500170001400800410003103500190007204000340009104100080012508200220013310000560015524501100021126000470032130000190036850400390038750501400042665000220056665100250058865100300061325125BD-RjUL20211209050832.0140316s1964 enk b 001 0 eng d a(BD-RjUL)25194 aXNTUbengcXNTUdPPPdBD-RjUL aeng04a951bLEC V-2 19641 aLevenson, Joseph R.q(Joseph Richmond),d1920-1969.10aConfucian China and its modern fate /cJoseph R. Levenson.nVOLUME TWOpThe Problem of Monarchical Decay. aLondon :bRoutledge and Kegan Paul,c1964. a3 v. ;c23 cm. aIncludes bibliographies and index.0 av. 1. The problem of intellectual continuity -- v. 2. The problem of monarchical decay -- v. 3. The problem of historical significance. 0aCommunismzChina. 0aChinaxCivilization. 0aChinaxIntellectual life.